Super Smash Bros. - Xenoblade Chronicles Universe - Statistics

General Stats
  • This quiz has been taken 127 times
  • The average score is 21 of 38
Answer Stats
Hint Answer % Correct
Fighters Mythra
100%
Fighters Pyra
100%
Fighters Shulk
100%
Assist Trophies Riki
92%
Spirits Dunban
88%
Stages Gaur Plain
85%
Spirits Fiora
83%
Spirits Nia
82%
Spirits Reyn
82%
Spirits Rex
81%
Spirits Rex (Master Driver)
81%
Spirits Sharla
75%
Spirits Melia
74%
Spirits Mòrag
73%
Spirits Zeke
73%
Spirits Metal Face
71%
Spirits Poppi α
62%
Spirits Tora
62%
Spirits Jin
60%
Spirits Mecha-Fiora
60%
Spirits Malos
59%
Spirits Mumkhar
56%
Spirits Pneuma
56%
Stages Cloud Sea of Alrest
55%
Spirits Amalthus
40%
Spirits Elma
37%
Trophies Bionis
35%
Spirits Lora
35%
Trophies Mechonis
32%
Spirits Lin
23%
Spirits Tatsu
22%
Spirits Lao
15%
Trophies Yaldabaoth
13%
Trophies Chain Attack
12%
Trophies Face Nemesis
12%
Trophies Jade Face
12%
Trophies Bronze Face
11%
Spirits Formula
8%
No matching quizzes found
Score Distribution
Percent of People with Each Score
Percentile by Number Answered
Your Score History
You have not taken this quiz